<?xml version="1.0" encoding="UTF-8"?>
<collection xmlns="http://www.loc.gov/MARC21/slim">
 <record>
  <leader>00996pam a22002538a 4500</leader>
  <controlfield tag="001">00044281</controlfield>
  <controlfield tag="005">20200812090816.0</controlfield>
  <controlfield tag="008">170215s2015                  ||||||Viesd</controlfield>
  <datafield tag="020" ind1="#" ind2="#">
   <subfield code="c">23500đ</subfield>
  </datafield>
  <datafield tag="041" ind1="0" ind2="#">
   <subfield code="a">Vie</subfield>
  </datafield>
  <datafield tag="082" ind1="1" ind2="4">
   <subfield code="b">B103GI</subfield>
   <subfield code="a">658.0071</subfield>
  </datafield>
  <datafield tag="100" ind1="1" ind2="#">
   <subfield code="a">Trần, Ngọc Gái</subfield>
  </datafield>
  <datafield tag="245" ind1="1" ind2="0">
   <subfield code="c">Trần Ngọc Gái</subfield>
   <subfield code="a">Bài giảng quản trị doanh nghiệp</subfield>
  </datafield>
  <datafield tag="260" ind1="#" ind2="#">
   <subfield code="b">Trường Đại học Đồng Tháp</subfield>
   <subfield code="c">2019</subfield>
   <subfield code="a">Đồng Tháp</subfield>
  </datafield>
  <datafield tag="300" ind1="#" ind2="#">
   <subfield code="a">153 tr.</subfield>
   <subfield code="c">30 cm</subfield>
  </datafield>
  <datafield tag="500" ind1="#" ind2="#">
   <subfield code="a">ĐTTS ghi:  Trường Đại học Đồng Tháp. Khoa Kỹ thuật - Công nghệ</subfield>
  </datafield>
  <datafield tag="653" ind1="#" ind2="#">
   <subfield code="a">Bài giảng</subfield>
  </datafield>
  <datafield tag="653" ind1="#" ind2="#">
   <subfield code="a">Lập trình</subfield>
  </datafield>
  <datafield tag="653" ind1="#" ind2="#">
   <subfield code="a">Phần mềm</subfield>
  </datafield>
  <datafield tag="653" ind1="#" ind2="#">
   <subfield code="a">Tin học</subfield>
  </datafield>
  <datafield tag="653" ind1="#" ind2="#">
   <subfield code="a">Đối tượng</subfield>
  </datafield>
  <datafield tag="852" ind1="#" ind2="#">
   <subfield code="j">KD.0025990</subfield>
   <subfield code="j">KGT.0057044</subfield>
   <subfield code="j">KGT.0057045</subfield>
   <subfield code="j">KGT.0057046</subfield>
   <subfield code="j">KGT.0057047</subfield>
   <subfield code="j">KGT.0057048</subfield>
   <subfield code="j">KGT.0057049</subfield>
   <subfield code="j">KGT.0057050</subfield>
   <subfield code="j">KGT.0057051</subfield>
   <subfield code="j">KGT.0057052</subfield>
   <subfield code="j">KGT.0057053</subfield>
  </datafield>
  <datafield tag="910" ind1="#" ind2="#">
   <subfield code="d">6/6/2019</subfield>
  </datafield>
  <datafield tag="980" ind1="#" ind2="#">
   <subfield code="a">Trung tâm Học liệu Lê Vũ Hùng, Trường Đại học Đồng Tháp</subfield>
  </datafield>
 </record>
</collection>
